Juan Bautista de Toledo y Felipe II (Record no. 127873)

MARC details
000 -LEADER
campo de control de longitud fija 00735nam a2200205 4500
001 - NÚMERO DE CONTROL
campo de control 127873
003 - IDENTIFICADOR DE NÚMERO DE CONTROL
campo de control ES-MaACL
005 - FECHA Y HORA DE LA ÚLTIMA TRANSACCIÓN
campo de control 20230906193116.0
007 - CAMPO FIJO DE DESCRIPCIÓN FÍSICA--INFORMACIÓN GENERAL
campo de control de longitud fija t|
008 - DATOS DE LONGITUD FIJA--INFORMACIÓN GENERAL
campo de control de longitud fija 070214s1984 sp r ||||1| spa d
100 0# - ENTRADA PRINCIPAL--NOMBRE DE PERSONA
Nombre de persona Rivera Blanco, José Javier,
Fechas asociadas al nombre 1954-
9 (RLIN) 97637
245 10 - MENCIÓN DEL TÍTULO
Título Juan Bautista de Toledo y Felipe II
Resto del título : la implantación del clasicismo en España /
Mención de responsabilidad, etc. José Javier Rivera Blanco.
260 ## - PUBLICACIÓN, DISTRIBUCIÓN, ETC.
Lugar de publicación, distribución, etc. Valladolid :
Nombre del editor, distribuidor, etc. Universidad, Secretariado de Publicaciones,
Fecha de publicación, distribución, etc. 1984.
300 ## - DESCRIPCIÓN FÍSICA
Extensión 499 p. :
Otras características físicas il. ;
Dimensiones 24 cm.
490 1# - MENCIÓN DE SERIE
Mención de serie Arte y Arqueología ;
Designación de volumen o secuencia 3
710 2# - ENTRADA AGREGADA--NOMBRE DE ENTIDAD CORPORATIVA
Nombre de entidad corporativa o nombre de jurisdicción como elemento de entrada Universidad de Valladolid.
9 (RLIN) 7332
830 0# - PUNTO DE ACCESO ADICIONAL DE SERIE-TÍTULO UNIFORME
Título uniforme Arte y Arqueología ;
Designación de volumen o secuencia 3
9 (RLIN) 189171
852 ## - LOCALIZACIÓN
Ubicación ES-MaACL
Número de control de estantería L-6723
Sublocalización o colección R.108836
Holdings
Estatus retirado Estado de pérdida Estado de daño No para préstamo Biblioteca de origen Biblioteca actual Ubicación en estantería Fecha de adquisición Fuente de adquisición Total de préstamos Signatura topográfica completa Código de barras Visto por última vez Precio de reemplazo Tipo de ítem Koha
        Biblioteca del Ateneo de Madrid Biblioteca del Ateneo de Madrid Depósito 2 17/01/2008     L-6723 1133185 23/02/2023 23/02/2023 Libro impreso